1367 1143 1672 1284 1922 1612 1675 1206 1163 1691 1542 1106 1856 1646 1811 1021 1705 1275 1407 1417 1955 1243 1543 1863 1640 1821 1722 1766 1519 1587 1352 1508 1773 1433 1344 1509 1880 1928 1201 1128 1344 1021 1877 1644 1199 1725 1838 1608 1016 1790 1891 1659 1050 1192 1376 1091 1269 1787 1902 1540 1661 1652 1498 1109 1300 1875 1197 1962 1120 1499 1473 1217 1704 1888 1434 1706 1693 1594 1619 1706 1601 1110 1114 1046 1225 1731 1135 1441 1952 1445 1757 1480 1509 1641 1776 1047 1928 1175 1229 BCNSPRNW ULIB Ver.6.0+V

เปลี่ยนเป็นภาษาไทย

Change to English
 แสดงรายละเอียดบรรณานุกรม
  กลับหน้าหลัก

Brief Record : Get Marc (ISO 2709) : E-mail record : QR code < ปิดหน้าต่าง
LEADER : 00000nam 2200000uu 4500
001    13399127610
003     ULIB
008    210304s2561||||th 000 0 tha d
020    ^a9786164742901
060  0 ^aWG141^bน276ภ
100 0  ^aนฤมล เชาว์สุวรรณกิจ (บรรณาธิการ)
245 00 ^aภาพวินิจฉัยชั้นสูงของระบบหัวใจและหลอดเลือด/^cนฤมล เชาว์สุวรรณกิจ (บรรณาธิการ)
246 00 ^aAdvanced diagnostic cardiovascular imaging
250    ^aพิมพ์ครั้งที่ 1
260    ^aขอนแก่น:^bคณะแพทยศาสตร์ มหาวิทยาลัยขอนแก่น,^c2561
300    ^a595 หน้า :^cภาพประกอบ
650  0 ^aระบบหัวใจและหลอดเลือด- -โรค
650  0 ^aหัวใจ--โรค
856    ^a^zสารบัญ^uhttps://drive.google.com/file/d/1AYq83GLHfzUUxqCKIQU10dwO0M-gy4Dz/view?usp=sharing
945    ^p1999^l0^i28701
945    ^p1999^l0^i28702
945    ^p1999^l0^i28703
945    ^p1999^l0^i28704
945    ^p1999^l0^i28705
999    ^aกัณชพร จุลอักษร
รายการนี้ยังไม่มีแท็ก
คุณยังไม่ได้ล็อกอิน คุณสามารถมีกิจกรรมร่วมกับเว็บไซต์ได้ แต่ต้องล็อกอินก่อน ::
  ล็อกอิน

รายการสื่อสารสนเทศ

ลำดับที่ ประเภท เลขเรียก/บาร์โค้ด สถานที่ สถานะ
1. หนังสือสำรอง
หนังสือสำรอง
WG141 น276ภ ฉ.1 
  Barcode: 28701
ห้องสมุดวิทยาเขตนครสวรรค์
►หนังสือทั่วไป:l:General Books
บนชั้น
2. วิทยาศาสตร์การแพทย์ และสุขภาพ
วิทยาศาสตร์การแพทย์ และสุขภาพ
WG141 น276ภ ฉ.2 
  Barcode: 28702
ห้องสมุดวิทยาเขตนครสวรรค์
►หนังสือทั่วไป:l:General Books
บนชั้น
3. วิทยาศาสตร์การแพทย์ และสุขภาพ
วิทยาศาสตร์การแพทย์ และสุขภาพ
WG141 น276ภ ฉ.3 
  Barcode: 28703
ห้องสมุดวิทยาเขตนครสวรรค์
►หนังสือทั่วไป:l:General Books
บนชั้น
4. วิทยาศาสตร์การแพทย์ และสุขภาพ
วิทยาศาสตร์การแพทย์ และสุขภาพ
WG141 น276ภ ฉ.4 
  Barcode: 28704
ห้องสมุดวิทยาเขตนครสวรรค์
►หนังสือทั่วไป:l:General Books
บนชั้น
5. วิทยาศาสตร์การแพทย์ และสุขภาพ
วิทยาศาสตร์การแพทย์ และสุขภาพ
WG141 น276ภ ฉ.5 
  Barcode: 28705
ห้องสมุดวิทยาเขตนครสวรรค์
►หนังสือทั่วไป:l:General Books
บนชั้น

รายการใกล้เคียง
    ผู้แต่ง [นฤมล เชาว์สุวรรณกิจ (บรรณาธิการ)]

    หัวเรื่อง [ระบบหัวใจและหลอดเลือด- -โรค]
    หัวเรื่อง [หัวใจ--โรค]

BibComment


ยังไม่เคยถูกคอมเมนท์

คอมเมนท์ทรัพยากรรายการนี้
  คอมเมนท์: ภาพวินิจฉัยชั้นส..


 Copyright 2026. Bcnsprnw @Library